Loading...
| Religion | 0 | 7 | 0 | 0 | 70 | 55 | 103.57 | 1 | 2 | 7.86 | 13.64 |
| Science - Biology | 0 | 6 | 0 | 0 | 60 | 47 | 85.67 | 2 | 5 | 1.99 | 5.59 |
| Literature - British | 0 | 5 | 0 | 0 | 50 | 122 | 128.80 | 0 | 0 | 13.81 | 14.39 |
| History - World | 0 | 5 | 1 | 2 | 45 | 27 | 76.60 | 3 | 3 | 7.38 | 11.42 |
| Literature - American | 0 | 4 | 0 | 3 | 40 | 97 | 125.25 | 0 | 1 | 4.96 | 5.13 |
| Philosophy | 0 | 4 | 0 | 1 | 40 | 99 | 110.00 | 1 | 1 | 3.38 | 19.17 |
| History - Other | 0 | 4 | 0 | 2 | 40 | 77 | 94.00 | 1 | 2 | 1.57 | 17.25 |
| History - European | 0 | 4 | 1 | 1 | 35 | 38 | 85.00 | 1 | 2 | 5.08 | 14.45 |
| Literature - World | 0 | 2 | 0 | 0 | 20 | 137 | 148.50 | 0 | 0 | 1.71 | 6.47 |
| Science - Physics | 0 | 1 | 0 | 1 | 10 | 121 | 121.00 | 0 | 0 | 7.52 | 24.65 |
| Fine Arts - Painting and Sculpture | 0 | 1 | 0 | 0 | 10 | 106 | 106.00 | 0 | 0 | 0.00 | 1.52 |
| History - American | 0 | 1 | 0 | 0 | 10 | 114 | 114.00 | 0 | 0 | 0.00 | 0.00 |
| Literature - European | 0 | 1 | 0 | 1 | 10 | 148 | 148.00 | 0 | 0 | 3.07 | 17.02 |
| Other Academic | 0 | 1 | 0 | 0 | 10 | 100 | 100.00 | 0 | 1 | 0.00 | 0.00 |
| Science - Other | 0 | 1 | 0 | 0 | 10 | 106 | 106.00 | 0 | 0 | 18.69 | 41.03 |
| Current Events | 0 | 1 | 0 | 0 | 10 | 100 | 100.00 | 0 | 0 | 21.39 | 25.64 |
| Science - Chemistry | 0 | 1 | 0 | 1 | 10 | 110 | 110.00 | 0 | 0 | 5.58 | 22.38 |
| Fine Arts - Other | 0 | 1 | 1 | 0 | 5 | 73 | 73.00 | 0 | 1 | 5.64 | 15.15 |
| Geography | 0 | 0 | 1 | 0 | -5 | 0.00 | 0 | 0 | 12.92 | 17.95 |